| 000 | 00635nam a2200241 i 4500 | ||
|---|---|---|---|
| 001 | 81952 | ||
| 003 | ES-MaACL | ||
| 005 | 20260424152004.0 | ||
| 007 | t| | ||
| 008 | 041117s1979 sp ||||1| spa d | ||
| 017 | _aB 4469-1978 | ||
| 020 | _a84-320-4135-1 | ||
| 080 | _a860-293.7"19" | ||
| 100 | 1 |
_aRuiz, Pedro. _9100624 |
|
| 245 | 1 | 3 |
_aEl día del presidente / _cPedro Ruiz. |
| 250 | _a1ª ed. | ||
| 260 |
_aBarcelona : _bPlaneta, _c1979. |
||
| 300 |
_a218 p. ; _c19 cm. |
||
| 490 | 1 |
_aColección Fábula ; _v36 |
|
| 830 | 0 |
_aColección Fábula _v36 _9180466 |
|
| 852 |
_aES-MaACL _jE-10416 _bR.131008 |
||
| 999 |
_c81952 _d81952 |
||